Goszakaz v kapital'nom stroitel'stve.

Nákladový charakter hospodárskeho mechanizmu vo sfére investícií. Organizácia vzájomného pôsobenia účastníkov investičného procesu. Možnosti využitia zahraničných skúseností (metóda riadenia projektu). Zodpovednosť za plnenie zmluvných záväzkov. Termíny štátnych objednávok a ich stimulácia.

Gespeichert in:
Bibliographische Detailangaben
1. Verfasser: Azovcev, V.
Format: Buchkapitel
Sprache:Russisch
Schlagworte:
Tags: Tag hinzufügen
Keine Tags, Fügen Sie das erste Tag hinzu!

MARC

LEADER 00000naa a2200000 4500
001 r001073
005 20220819191707.7
041 0 |a rus 
044 |a [SU] 
245 1 0 |a Goszakaz v kapital'nom stroitel'stve.  |c V. Azovcev 
520 |a Nákladový charakter hospodárskeho mechanizmu vo sfére investícií. Organizácia vzájomného pôsobenia účastníkov investičného procesu. Možnosti využitia zahraničných skúseností (metóda riadenia projektu). Zodpovednosť za plnenie zmluvných záväzkov. Termíny štátnych objednávok a ich stimulácia. 
610 2 0 |a výstavba investičná 
610 2 0 |a mechanizmus hospodársky 
610 2 0 |a objednávky 
610 2 0 |a stavebníctvo 
610 2 0 |a ZSSR 
610 2 0 |a štát-podnik 
610 2 0 |a vzťahy zmluvné 
610 2 0 |a proces investičný 
100 1 |a Azovcev, V.